00579cam a22002173u 45000010008000000030004000080050017000120060019000290070015000480080041000630200022001040400021001260820008001471000015001552100018001702450030001882600059002183000008002775000033002855060043003188565610OSt20170105103507.0m d cr n 110315s1953 ||||||||s|||||||| ||||| d a978-81-8356-563-9 aASABcASABdASAB a6111 aM. Prakash10aCytochemistry10aCytochemistrycM. Prakash anew delhib Discovery publishing house pvt ltd.c1953. a275 aTitle from content provider. aLicense restrictions may limit access.